000 00643nam a2200241Ia 4500
001 34036
005 20240114001712.0
007 ta
008 070111s g b000 u u
040 _aCotton College Assam
082 _a491.25
_bSa 79 Sa
100 _aShastri, Charudev .
245 0 _aShabda Pashabda Viveka /
_cCharudev Shastri.
_hTextual Documents
250 _a1st ed. /
260 _aDelhi :
_bMunshi Ram Manohar Lal ,
_cND.
300 _a325p. ;
_c18cm.
653 _aSanskrit Language-Grammar
653 _aG-Languages
942 _2ddc
_cBK
999 _c34018
_d34018